000 00852cam a22002655a 4500
001 18596522
005 20150812134203.0
008 150429t2015 fludk b 001 0 eng d
020 _a9781498703086
040 _aBTCTA
_beng
_cBTCTA
_dTEF
_dDLC
_dEG-ScBUE
082 0 4 _a621.4361
_bKAR
_222
100 1 _aKarim, G. A.
_938322
245 1 0 _aDual-fuel diesel engines /
_cGhazi A. Karim.
260 _aBoka Raton :
_bCRC Press/ Taylor & Francis Group, LLC,
_cc.2015.
300 _axx, 295 p. :
_bcharts, forms ;
_c24 cm.
500 _aIndex : p. 289-295.
504 _aBibliography : p. 273-288.
650 7 _aDiesel motor
_xFuel systems.
_2BUEsh
_917799
650 0 _aDiesel fuels.
_2BUEsh
650 0 _aGas as fuel.
_2BUEsh
651 _2BUEsh
653 _bENGGEN
_cJune2015
_cAugust2015
655 _vreading book
_934232
942 _2ddc
_k621.4361 KAR
999 _c19565
_d19537